Viện trợ giải quyết hậu quả chiến tranh trong chính sách đối ngoại của Mỹ /

Đã lưu trong:
书目详细资料
主要作者: Nguyễn Hồng Quang.
格式: Bài viết
语言:Vietnamese
主题:
标签: 添加标签
没有标签, 成为第一个标记此记录!
Thư viện lưu trữ: Thư viện Trường Đại học Đà Lạt
LEADER 00832nam a2200253 4500
001 DLU170181174
005 ##20171006
040 # # |a DLU  |b vie 
041 # # |a vie 
044 # # |a vn 
100 # # |a Nguyễn Hồng Quang. 
245 # # |a Viện trợ giải quyết hậu quả chiến tranh trong chính sách đối ngoại của Mỹ /  |c Nguyễn Hồng Quang. 
653 # # |a Chính sách đối ngoại 
653 # # |a Mỹ 
653 # # |a Viện trợ giải quyết hậu quả chiến tranh  
773 # # |t Nghiên cứu quốc tế  |g Số 4(107), 2016, tr. 115-136 
920 # # |a Phòng Tạp chí -- Trung tâm Thông tin - Thư viện Trường Đại học Đà Lạt 
900 # # |a True 
911 # # |a Nguyễn Thị Thu Phương 
925 # # |a G 
926 # # |a A 
927 # # |a BB 
980 # # |a Thư viện Trường Đại học Đà Lạt